[Event "22. OSREDNJA SLOVENSKA LIGA 2021"]
[Site "gostovanja"]
[Date "2021.09.23"]
[Round "2.2"]
[White "Rojs, Igor"]
[Black "Jemec, Viktor"]
[Result "1-0"]
[WhiteElo "1943"]
[BlackElo "1606"]
[PlyCount "113"]
[EventDate "2021.09.24"]
[WhiteTeam "SK TRZIN BUSCOTRADE"]
[BlackTeam "SD CRNI GRABEN"]

1. c4 e5 2. Nc3 Nf6 3. g3 c6 4. d4 exd4 5. Qxd4 d6 6. Bg2 Be7 7. e4 O-O 8. Bf4
Nh5 9. Be3 Na6 10. O-O-O c5 11. Qd2 Qa5 12. Nd5 Qxd2+ 13. Rxd2 Bd8 14. Ne2 Nc7
15. Rhd1 Be6 16. Nec3 Nxd5 17. Nxd5 Rb8 18. b3 b5 19. cxb5 Rxb5 20. Nc3 Ra5 21.
Rxd6 Bf6 22. Na4 c4 23. Bd2 Rb5 24. Nc3 Rbb8 25. Kb2 cxb3 26. a3 Rb6 27. Rxb6
axb6 28. f4 Bd4 29. Be1 Bc5 30. Nd5 Ra8 31. Bb4 Nf6 32. Nc7 Rc8 33. Nxe6 fxe6
34. Kxb3 Ng4 35. Bh3 h5 36. Bxg4 hxg4 37. Rc1 Kf7 38. Bxc5 bxc5 39. Ra1 Ke7 40.
a4 Kd7 41. a5 Kc7 42. a6 Kb6 43. a7 Ra8 44. Kc4 g6 45. e5 Kc6 46. Ra6+ Kb7 47.
Rxe6 Rc8 48. Rxg6 Kxa7 49. Rxg4 Kb6 50. Rg6+ Kb7 51. e6 Kc6 52. f5 Rb8 53. e7+
Kd7 54. Re6 Re8 55. Kxc5 Rxe7 56. Rxe7+ Kxe7 57. g4 1-0

[Event "22. OSREDNJA SLOVENSKA LIGA 2021"]
[Site "gostovanja"]
[Date "2021.09.23"]
[Round "2.3"]
[White "Vidergar, Milan"]
[Black "Borstnik, Ales"]
[Result "1-0"]
[WhiteElo "1753"]
[BlackElo "1790"]
[PlyCount "73"]
[EventDate "2021.09.24"]
[WhiteTeam "SD CRNI GRABEN"]
[BlackTeam "SK TRZIN BUSCOTRADE"]

1. d4 Nf6 2. c4 g6 3. Nc3 Bg7 4. e3 O-O 5. Bd3 d6 6. Qc2 Nc6 7. a3 e5 8. d5 Ne7
9. Bd2 Nd7 10. O-O-O f5 11. e4 Nc5 12. f3 Nxd3+ 13. Qxd3 a6 14. h4 f4 15. Nh3
Bd7 16. h5 Bxh3 17. hxg6 Bd7 18. gxh7+ Kh8 19. Rdg1 Ng6 20. g3 Qe7 21. Ne2 b5
22. gxf4 bxc4 23. Qc2 Nxf4 24. Nxf4 exf4 25. Bc3 Rf7 26. Qg2 Re8 27. Rh4 Qf8
28. Qg6 Ree7 29. Qh6 Qb8 30. Rxf4 Re5 31. Qg6 Rfe7 32. Bxe5 dxe5 33. Rf7 Rxf7
34. Qxf7 Qf8 35. Qxf8+ Bxf8 36. Rg8+ Kxh7 37. Rxf8 1-0

[Event "22. OSREDNJA SLOVENSKA LIGA 2021"]
[Site "gostovanja"]
[Date "2021.09.23"]
[Round "2.4"]
[White "Lanjscek, Miha"]
[Black "Krulej, Marko"]
[Result "1/2-1/2"]
[WhiteElo "1743"]
[BlackElo "1631"]
[PlyCount "62"]
[EventDate "2021.09.24"]
[WhiteTeam "SK TRZIN BUSCOTRADE"]
[BlackTeam "SD CRNI GRABEN"]

1. d4 d5 2. c4 c6 3. Nf3 e6 4. g3 Nf6 5. Bg2 g6 6. O-O Bg7 7. Bg5 Nbd7 8. Qd2
h6 9. Bf4 dxc4 10. a4 g5 11. Be5 O-O 12. Qc2 Nxe5 13. dxe5 Ng4 14. Qxc4 Nxe5
15. Nxe5 Bxe5 16. Nc3 Bg7 17. Rad1 Qe7 18. f4 f6 19. Rd2 Kh8 20. Rfd1 e5 21.
fxe5 fxe5 22. Ne4 Be6 23. Qc2 Bd5 24. Nc5 Bxg2 25. Kxg2 b6 26. Ne4 c5 27. Rd7
Qe6 28. b4 c4 29. R7d6 Qf7 30. Rd7 Qe6 31. R7d6 Qf7 1/2-1/2

[Event "22. OSREDNJA SLOVENSKA LIGA 2021"]
[Site "gostovanja"]
[Date "2021.09.23"]
[Round "2.1"]
[White "Perme, Martin"]
[Black "Marinko, Peter"]
[Result "0-1"]
[WhiteElo "1679"]
[BlackElo "1825"]
[PlyCount "60"]
[EventDate "2021.09.24"]
[WhiteTeam "SK KOMENDA POGI"]
[BlackTeam "SK LJUBLJANA"]

1. e4 e5 2. f4 exf4 3. Nf3 Nf6 4. e5 Nh5 5. Bc4 d5 6. exd6 Bxd6 7. O-O O-O 8.
b3 Bg4 9. Bb2 Nc6 10. d4 Qd7 11. c3 Rae8 12. Nbd2 a6 13. Re1 Re3 14. Rxe3 fxe3
15. Ne4 Bf4 16. Nc5 Qc8 17. Be2 Nf6 18. Nd3 Qf5 19. Qc2 Re8 20. Rf1 Bd6 21.
Nfe5 Qh5 22. Nf4 Qg5 23. Bxg4 Nxg4 24. Nh3 Qh4 25. Qf5 Ncxe5 26. dxe5 Nxe5 27.
g3 Qg4 28. Qxg4 Nxg4 29. Re1 Ne5 30. Nf4 Nf3+ 0-1

[Event "22. OSREDNJA SLOVENSKA LIGA 2021"]
[Site "gostovanja"]
[Date "2021.09.23"]
[Round "2.2"]
[White "Sfiligoj, Anze"]
[Black "Cimperman, Teo"]
[Result "1/2-1/2"]
[WhiteElo "1728"]
[BlackElo "1623"]
[PlyCount "148"]
[EventDate "2021.09.24"]
[WhiteTeam "SK LJUBLJANA"]
[BlackTeam "SK KOMENDA POGI"]

1. e4 c5 2. Nf3 Nc6 3. d4 cxd4 4. Nxd4 g6 5. Be3 Bg7 6. Nc3 Nf6 7. f3 O-O 8.
Qd2 d5 9. Nxc6 bxc6 10. Rd1 Be6 11. Bh6 Bxh6 12. Qxh6 Qb6 13. b3 Qb4 14. Qe3
Rfd8 15. Rd4 Qb6 16. Na4 Qa5+ 17. Qc3 Qxc3+ 18. Nxc3 dxe4 19. Rxd8+ Rxd8 20.
Nxe4 Nd5 21. Bd3 Nf4 22. O-O Nxd3 23. Rd1 Bf5 24. Rxd3 Rxd3 25. cxd3 Kf8 26.
Kf2 e5 27. Ke3 Ke7 28. b4 h6 29. d4 Ke6 30. g4 Bxe4 31. fxe4 f5 32. gxf5+ gxf5
33. exf5+ Kxf5 34. dxe5 Kxe5 35. a4 a6 36. a5 h5 37. h4 Kf5 38. Kd4 Kg4 39. Kc5
Kxh4 40. Kxc6 Kg5 41. b5 h4 42. b6 h3 43. b7 h2 44. b8=Q h1=Q+ 45. Kb6 Qh6+ 46.
Ka7 Qc6 47. Qb6 Qc8 48. Qb7 Qc4 49. Qb6 Kf5 50. Kb7 Qd5+ 51. Kxa6 Qa8+ 52. Kb5
Qe8+ 53. Kc4 Qa4+ 54. Qb4 Qa2+ 55. Kb5 Qe2+ 56. Qc4 Qe8+ 57. Kb4 Qe1+ 58. Kb5
Qe8+ 59. Qc6 Qe2+ 60. Kb6 Qd2 61. a6 Qd8+ 62. Kb7 Qe7+ 63. Kc8 Qf8+ 64. Kc7 Qa3
65. Qd5+ Kg4 66. Qd4+ Kh3 67. a7 Qa5+ 68. Qb6 Qe5+ 69. Kb7 Qd5+ 70. Qc6 Qb3+
71. Kc8 Qg8+ 72. Kc7 Qg3+ 73. Qd6 Qc3+ 74. Kd7 Qg7+ 1/2-1/2

[Event "22. OSREDNJA SLOVENSKA LIGA 2021"]
[Site "gostovanja"]
[Date "2021.09.23"]
[Round "2.3"]
[White "Macek, Inti"]
[Black "Borstar, Dusan"]
[Result "1/2-1/2"]
[WhiteElo "1229"]
[BlackElo "1681"]
[PlyCount "67"]
[EventDate "2021.09.24"]
[WhiteTeam "SK KOMENDA POGI"]
[BlackTeam "SK LJUBLJANA"]

1. d4 Nf6 2. Nf3 d5 3. c4 c6 4. Nc3 dxc4 5. a4 Nd5 6. e4 Nxc3 7. bxc3 Bg4 8.
Bxc4 e6 9. O-O Qc7 10. Ba3 Bxa3 11. Rxa3 Nd7 12. h3 Bxf3 13. Qxf3 O-O 14. Rb3
Rab8 15. Re1 e5 16. d5 Nb6 17. Be2 Nxa4 18. c4 Nc5 19. Rb2 b6 20. Bd3 a5 21.
Reb1 Na6 22. Qe2 Nb4 23. Qd2 Qd6 24. Be2 Rfd8 25. Kh1 Qc5 26. f3 Qf2 27. Bf1
Qc5 28. Qf2 Qxf2 29. Rxf2 Kf8 30. Rfb2 c5 31. Kh2 Ra8 32. Ra1 Ra7 33. Be2 a4
34. Bd1 1/2-1/2

[Event "22. OSREDNJA SLOVENSKA LIGA 2021"]
[Site "gostovanja"]
[Date "2021.09.23"]
[Round "2.4"]
[White "Juvan, Vid"]
[Black "Keber, Aljosa"]
[Result "1-0"]
[WhiteElo "1000"]
[BlackElo "1062"]
[PlyCount "77"]
[EventDate "2021.09.24"]
[WhiteTeam "SK LJUBLJANA"]
[BlackTeam "SK KOMENDA POGI"]

1. e4 c6 2. d4 d5 3. Nc3 dxe4 4. Nxe4 Nd7 5. Nf3 Ngf6 6. Nxf6+ Nxf6 7. Be2 Bg4
8. O-O e6 9. h3 Bh5 10. Bf4 Bd6 11. Ne5 Bxe2 12. Qxe2 O-O 13. Rfd1 Qe7 14. Rd3
Nd5 15. Bg3 f6 16. Nc4 Nf4 17. Qe4 g5 18. Re3 f5 19. Qf3 Rad8 20. Nxd6 Qxd6 21.
c3 Rf6 22. Re5 Ng6 23. Ra5 Nh4 24. Qh5 f4 25. Rxg5+ Ng6 26. Bh4 Kh8 27. Rxg6
Rxg6 28. Bxd8 Qxd8 29. Qe5+ Kg8 30. Qxf4 Qd5 31. g3 h5 32. h4 Qd8 33. Re1 Kh7
34. Qf7+ Kh6 35. Rxe6 Rxe6 36. Qxe6+ Kg7 37. Qe5+ Kg6 38. f4 Qd5 39. Qg5+ 1-0

[Event "22. OSREDNJA SLOVENSKA LIGA 2021"]
[Site "gostovanja"]
[Date "2021.09.30"]
[Round "3.1"]
[White "Marinko, Peter"]
[Black "Lucovnik, Tilen"]
[Result "1-0"]
[WhiteElo "1825"]
[BlackElo "2097"]
[PlyCount "65"]
[EventDate "2021.09.30"]
[WhiteTeam "SK LJUBLJANA"]
[BlackTeam "SK KOMENDA POPOTNIK"]

1. d4 d5 2. c4 dxc4 3. Nf3 Nf6 4. Nc3 a6 5. a4 Nc6 6. e4 Bg4 7. Be3 Na5 8. h3
Bh5 9. g4 Bg6 10. Nd2 h6 11. f3 e6 12. Bxc4 Bb4 13. Qc2 Nxc4 14. Nxc4 Nd5 15.
Bf2 Qf6 16. Nd2 Nf4 17. O-O-O Bxc3 18. bxc3 b5 19. h4 O-O 20. h5 Bh7 21. Bh4 g5
22. hxg6 Qxg6 23. g5 hxg5 24. Nb3 f6 25. a5 Rf7 26. Nc5 Rg7 27. Bg3 Qe8 28.
Bxf4 gxf4 29. Qa2 Qc6 30. Qh2 Re8 31. Rdg1 Rxg1+ 32. Qxg1+ Kh8 33. Qg6 1-0

[Event "22. OSREDNJA SLOVENSKA LIGA 2021"]
[Site "gostovanja"]
[Date "2021.09.30"]
[Round "3.1"]
[White "Juhant, Igor"]
[Black "Sfiligoj, Anze"]
[Result "1/2-1/2"]
[WhiteElo "2009"]
[BlackElo "1728"]
[PlyCount "80"]
[EventDate "2021.09.30"]
[WhiteTeam "SK KOMENDA POPOTNIK"]
[BlackTeam "SK LJUBLJANA"]

1. e4 d5 2. exd5 Qxd5 3. Nc3 Qa5 4. d4 Nf6 5. Nf3 c6 6. Bc4 Bf5 7. O-O e6 8.
Bf4 Be7 9. Re1 O-O 10. Re5 Qb6 11. Bb3 Bg6 12. Na4 Qd8 13. Bg5 Nbd7 14. Re1 b5
15. Nc3 a5 16. a4 b4 17. Ne2 Nd5 18. Bxe7 Qxe7 19. Ng3 Rfd8 20. h4 h6 21. h5
Bh7 22. Bc4 N7b6 23. Bd3 Bxd3 24. Qxd3 c5 25. c4 bxc3 26. bxc3 c4 27. Qc2 Rab8
28. Ne5 Rdc8 29. Ne4 Nd7 30. Nxd7 Qxd7 31. Nc5 Qe7 32. Reb1 Nf4 33. g3 Nd3 34.
Nxd3 cxd3 35. Qxd3 Rxb1+ 36. Rxb1 Qa3 37. d5 exd5 38. Qxd5 Qxa4 39. Rb7 Qc4 40.
Qxc4 Rxc4 1/2-1/2

[Event "22. OSREDNJA SLOVENSKA LIGA 2021"]
[Site "gostovanja"]
[Date "2021.09.30"]
[Round "3.3"]
[White "Tomac, Kristof"]
[Black "Kobold, Andrej"]
[Result "0-1"]
[WhiteElo "1264"]
[BlackElo "1936"]
[PlyCount "70"]
[EventDate "2021.09.30"]
[WhiteTeam "SK LJUBLJANA"]
[BlackTeam "SK KOMENDA POPOTNIK"]

1. e4 c5 2. d4 cxd4 3. c3 d3 4. Bxd3 Nc6 5. Nf3 d6 6. O-O Nf6 7. Bg5 e6 8. c4
Be7 9. Nc3 O-O 10. a3 a6 11. b4 b6 12. Qc2 h6 13. Be3 Ng4 14. Bf4 Bb7 15. Rad1
Nce5 16. Be2 Qc7 17. h3 Nxf3+ 18. Bxf3 Ne5 19. Bxe5 dxe5 20. Be2 Rfd8 21. Bd3
Rac8 22. Rc1 g6 23. Qe2 Bg5 24. Rc2 Rd4 25. Na4 Rcd8 26. Rc3 f5 27. f3 Bf4 28.
c5 b5 29. Nb2 Bc6 30. Rd1 Qe7 31. a4 Qg5 32. axb5 axb5 33. Bc2 Rd2 34. Rxd2
Rxd2 35. Qf1 Qg3 0-1

[Event "22. OSREDNJA SLOVENSKA LIGA 2021"]
[Site "gostovanja"]
[Date "2021.09.30"]
[Round "3.4"]
[White "Zidar, Jernej"]
[Black "Komelj, Erazem"]
[Result "1/2-1/2"]
[WhiteElo "1684"]
[BlackElo "1902"]
[PlyCount "78"]
[EventDate "2021.09.30"]
[WhiteTeam "SK KOMENDA POPOTNIK"]
[BlackTeam "SK LJUBLJANA"]

1. d4 d5 2. Nf3 Nf6 3. c4 e6 4. g3 c6 5. Bg2 Bb4+ 6. Bd2 Bxd2+ 7. Nbxd2 Nbd7 8.
O-O O-O 9. Qc2 Re8 10. e4 dxe4 11. Nxe4 Qe7 12. Rfe1 b6 13. Ne5 Nxe5 14. dxe5
Nxe4 15. Bxe4 Bb7 16. Bxh7+ Kh8 17. Bd3 c5 18. Be4 Rad8 19. Rad1 Bxe4 20. Rxe4
g6 21. Rd3 Kg7 22. h4 Rxd3 23. Qxd3 Rd8 24. Qe3 Rd1+ 25. Kg2 Qd8 26. Qf3 Qd3
27. Qf6+ Kg8 28. Rf4 Qf1+ 29. Kf3 Rd3+ 30. Kg4 Qe2+ 31. f3 Rd7 32. h5 gxh5+ 33.
Kxh5 Qc2 34. Rg4+ Kf8 35. Qh6+ Ke7 36. Qg5+ Ke8 37. Qg8+ Ke7 38. Qg5+ Ke8 39.
Qg8+ Ke7 1/2-1/2

[Event "22. OSREDNJA SLOVENSKA LIGA 2021"]
[Site "gostovanja"]
[Date "2021.09.30"]
[Round "3.1"]
[White "Bajec, Borut"]
[Black "Perme, Martin"]
[Result "0-1"]
[WhiteElo "1742"]
[BlackElo "1679"]
[PlyCount "66"]
[EventDate "2021.09.30"]
[WhiteTeam "SK TRZIN BUSCOTRADE"]
[BlackTeam "SK KOMENDA POGI"]

1. d4 Nf6 2. c4 c5 3. d5 b5 4. b3 g6 5. Bb2 Bg7 6. Qc2 d6 7. Nf3 Na6 8. a3 Bf5
9. Qc1 bxc4 10. bxc4 O-O 11. e3 Qb6 12. Nh4 Bd7 13. Be2 Rab8 14. Bc3 Nc7 15.
O-O Na8 16. Nd2 Qa6 17. e4 Nb6 18. e5 Nfxd5 19. cxd5 Qxe2 20. e6 Bxc3 21. exf7+
Rxf7 22. Qxc3 Nxd5 23. Qa5 Qb5 24. Qxb5 Rxb5 25. Rfb1 Nc3 26. Rxb5 Bxb5 27.
Nhf3 e5 28. Ng5 Rc7 29. f3 Bd3 30. Kf2 Rb7 31. Rc1 Na2 32. Ra1 Rb2 33. Ke1 c4
0-1

[Event "22. OSREDNJA SLOVENSKA LIGA 2021"]
[Site "gostovanja"]
[Date "2021.09.30"]
[Round "3.2"]
[White "Cimperman, Teo"]
[Black "Konvalinka, Kostja"]
[Result "1/2-1/2"]
[WhiteElo "1623"]
[BlackElo "1707"]
[PlyCount "76"]
[EventDate "2021.09.30"]
[WhiteTeam "SK KOMENDA POGI"]
[BlackTeam "SK TRZIN BUSCOTRADE"]

1. e4 c5 2. Nf3 d6 3. d4 cxd4 4. Nxd4 Nf6 5. Nc3 g6 6. Be3 Bg7 7. f3 O-O 8. Qd2
Re8 9. O-O-O Nc6 10. h4 Nxd4 11. Bxd4 Be6 12. g4 Qa5 13. Kb1 Rec8 14. a3 Bc4
15. h5 Bxf1 16. Rdxf1 Rc4 17. hxg6 hxg6 18. Qd3 Rxd4 19. Qxd4 Nxg4 20. Qb4 Bxc3
21. bxc3 Qxb4+ 22. cxb4 Ne3 23. Re1 Nc4 24. Ka2 b5 25. Re2 a5 26. Kb3 axb4 27.
Kxb4 Nxa3 28. f4 Kg7 29. Kb3 Nc4 30. Kb4 Ra2 31. Kxb5 Rxc2 32. Rxc2 Na3+ 33.
Kc6 Nxc2 34. Kd5 Ne3+ 35. Kd4 Nc2+ 36. Kd5 Nb4+ 37. Kc4 Nc2 38. Kd5 Nb4+
1/2-1/2

[Event "22. OSREDNJA SLOVENSKA LIGA 2021"]
[Site "gostovanja"]
[Date "2021.09.30"]
[Round "3.3"]
[White "Banko, Franci"]
[Black "Macek, Inti"]
[Result "0-1"]
[WhiteElo "1474"]
[BlackElo "1229"]
[PlyCount "92"]
[EventDate "2021.09.30"]
[WhiteTeam "SK TRZIN BUSCOTRADE"]
[BlackTeam "SK KOMENDA POGI"]

1. d4 d5 2. Nf3 Nf6 3. Nc3 c5 4. e3 Nc6 5. Be2 Bf5 6. Bd3 Bg4 7. dxc5 e5 8. Bb5
e4 9. Bxc6+ bxc6 10. h3 Bh5 11. g4 Bg6 12. Ne5 Qc7 13. Nxg6 fxg6 14. Qd4 Be7
15. Bd2 O-O 16. Ne2 Nd7 17. Bc3 Bf6 18. Qd2 Nxc5 19. Nd4 Bh4 20. O-O-O Rxf2 21.
Qe1 Rxc2+ 22. Kxc2 Bxe1 23. Rdxe1 Nd3 24. Re2 c5 25. Ne6 Qc6 26. Nxg7 d4 27.
Bd2 Kxg7 28. g5 Rf8 29. h4 Qa4+ 30. Kb1 Rf3 31. exd4 Rf2 32. Rxf2 Nxf2 33. Re1
cxd4 34. Rc1 Nd3 35. Rc2 e3 36. Bc1 Nxc1 37. Rxc1 e2 38. Rc7+ Kf8 39. b3 e1=Q+
40. Rc1 Qxa2+ 41. Kxa2 Qxc1 42. h5 Qc2+ 43. Ka3 d3 44. hxg6 hxg6 45. Ka4 d2 46.
Ka5 d1=R 0-1

[Event "22. OSREDNJA SLOVENSKA LIGA 2021"]
[Site "gostovanja"]
[Date "2021.09.30"]
[Round "3.4"]
[White "Keber, Aljosa"]
[Black "Rojs, Lan"]
[Result "0-1"]
[WhiteElo "1062"]
[BlackElo "1000"]
[PlyCount "104"]
[EventDate "2021.09.30"]
[WhiteTeam "SK KOMENDA POGI"]
[BlackTeam "SK TRZIN BUSCOTRADE"]

1. e4 e6 2. d4 d5 3. Nd2 dxe4 4. Nxe4 Be7 5. Nf3 Nf6 6. Bd3 b6 7. c3 Bb7 8.
Nxf6+ Bxf6 9. Bf4 Nd7 10. O-O O-O 11. Re1 c5 12. Re3 cxd4 13. cxd4 g6 14. Bc2
Rc8 15. Ne1 Bg5 16. Bxg5 Qxg5 17. Rg3 Qb5 18. a4 Qc6 19. h4 Nf6 20. h5 Qd5 21.
hxg6 hxg6 22. Nf3 Ne4 23. Rh3 Ng5 24. Rg3 Nxf3+ 25. Rxf3 Rfd8 26. Raa3 Qh5 27.
Rfd3 Qf5 28. Rdc3 Qd5 29. Rg3 Rc7 30. Rac3 Rdc8 31. Qg4 Kf8 32. Bb3 Qf5 33.
Qxf5 gxf5 34. Rxc7 Rxc7 35. Re3 Rd7 36. Rd3 Ke7 37. f4 Kd6 38. Bc4 Rc7 39. Rc3
Bd5 40. b3 a6 41. Rc2 b5 42. Bd3 Bxb3 43. Rxc7 Kxc7 44. axb5 a5 45. Kf2 a4 46.
Kg3 a3 47. Bb1 a2 48. Bxa2 Bxa2 49. Kh4 Bd5 50. g3 Kb6 51. Kg5 Kxb5 52. Kf6 Kc4
0-1

[Event "22. OSREDNJA SLOVENSKA LIGA 2021"]
[Site "gostovanja"]
[Date "2021.09.30"]
[Round "3.1"]
[White "Skok, Joze"]
[Black "Hribar, Janez"]
[Result "1-0"]
[WhiteElo "1961"]
[BlackElo "1946"]
[PlyCount "59"]
[EventDate "2021.09.30"]
[WhiteTeam "SD DOMZALE"]
[BlackTeam "SD CRNI GRABEN"]

1. e4 Nf6 2. e5 Nd5 3. d4 d6 4. Nf3 Bg4 5. Be2 e6 6. O-O Be7 7. h3 Bh5 8. c4
Nb6 9. exd6 cxd6 10. Nc3 O-O 11. Be3 Nc6 12. b3 a6 13. Qd2 d5 14. c5 Bxf3 15.
Bxf3 Nd7 16. a3 Na5 17. Rab1 Bf6 18. Be2 b5 19. Rfc1 Rc8 20. a4 Nxc5 21. dxc5
d4 22. Ne4 dxe3 23. Nxf6+ Qxf6 24. Qxe3 bxa4 25. bxa4 e5 26. Rb6 Rc6 27. Bxa6
Rxb6 28. cxb6 Rb8 29. Qc5 Qxb6 30. Qxb6 1-0

[Event "22. OSREDNJA SLOVENSKA LIGA 2021"]
[Site "gostovanja"]
[Date "2021.09.30"]
[Round "3.2"]
[White "Skok, Boris"]
[Black "Groselj, Petra"]
[Result "1/2-1/2"]
[WhiteElo "1889"]
[BlackElo "1910"]
[PlyCount "36"]
[EventDate "2021.09.30"]
[WhiteTeam "SD CRNI GRABEN"]
[BlackTeam "SD DOMZALE"]

1. d4 g6 2. c4 Bg7 3. Nc3 d6 4. e4 Nc6 5. Be3 e5 6. d5 Nce7 7. Nge2 f5 8. f3
Nf6 9. h3 O-O 10. Qd2 a6 11. g4 Bd7 12. Nc1 Rb8 13. Bd3 b5 14. b3 c5 15. Qg2
Kh8 16. Rg1 Rf7 17. Qc2 Qc8 18. Rb1 Rb7 1/2-1/2

[Event "22. OSREDNJA SLOVENSKA LIGA 2021"]
[Site "gostovanja"]
[Date "2021.09.30"]
[Round "3.3"]
[White "Timagina, Sofia"]
[Black "Vidergar, Milan"]
[Result "0-1"]
[WhiteElo "1472"]
[BlackElo "1753"]
[PlyCount "60"]
[EventDate "2021.09.30"]
[WhiteTeam "SD DOMZALE"]
[BlackTeam "SD CRNI GRABEN"]

1. e4 e5 2. Nf3 Nc6 3. Bc4 d6 4. d4 a6 5. O-O Bg4 6. d5 Nd4 7. Be2 Nxe2+ 8.
Qxe2 h5 9. Be3 f5 10. exf5 Nf6 11. c4 Be7 12. h3 e4 13. hxg4 exf3 14. Qxf3 hxg4
15. Qe2 Qd7 16. Qd3 Rh5 17. Nc3 Kf7 18. Ne2 Rah8 19. Ng3 R5h7 20. Rfe1 Nh5 21.
Rad1 Bf6 22. Qe4 Nxg3 23. fxg3 Be5 24. Qxg4 Qa4 25. Qg6+ Kf8 26. c5 Qc2 27. Rd2
Qe4 28. Ree2 Rh1+ 29. Kf2 R8h2 30. cxd6 Rxg2# 0-1

[Event "22. OSREDNJA SLOVENSKA LIGA 2021"]
[Site "gostovanja"]
[Date "2021.09.30"]
[Round "3.4"]
[White "Krulej, Marko"]
[Black "Groselj, Jerneja"]
[Result "0-1"]
[WhiteElo "1631"]
[BlackElo "1137"]
[PlyCount "82"]
[EventDate "2021.09.30"]
[WhiteTeam "SD CRNI GRABEN"]
[BlackTeam "SD DOMZALE"]

1. e4 d5 2. exd5 Nf6 3. d3 Nxd5 4. Nf3 Nc6 5. a3 e5 6. Nbd2 Bd6 7. Be2 O-O 8.
O-O Bf5 9. Ne4 Nf6 10. Bg5 Be7 11. Ng3 Bg6 12. Nh4 Nd5 13. Bxe7 Ncxe7 14. Nxg6
Nxg6 15. Bf3 c6 16. c3 Ndf4 17. d4 exd4 18. cxd4 Qb6 19. Qd2 Rad8 20. Rad1 Ne6
21. Nf5 Rd7 22. Qc3 Rfd8 23. d5 cxd5 24. Rfe1 d4 25. Qd2 Qb5 26. Be4 Ngf4 27.
g3 Nh3+ 28. Kg2 Nhg5 29. Bd3 Qd5+ 30. Kf1 Nf3 31. Qc2 Nxe1 32. Kxe1 Ng5 33. f4
Re8+ 34. Kd2 Nf3+ 35. Kc1 Rdd8 36. b3 Rc8 37. Bc4 Qc5 38. Kb2 b5 39. Bd3 Qxc2+
40. Bxc2 Re2 41. Rc1 d3 0-1

[Event "22. OSREDNJA SLOVENSKA LIGA 2021"]
[Site "gostovanja"]
[Date "2021.09.30"]
[Round "3.1"]
[White "Mihelic, Vesna"]
[Black "Butala, Marjan"]
[Result "1-0"]
[WhiteElo "1882"]
[BlackElo "1870"]
[PlyCount "67"]
[EventDate "2021.09.30"]
[WhiteTeam "SD MENGES - TRZIN"]
[BlackTeam "KPSRD KAREL JERAJ"]

1. e4 Nf6 2. e5 Nd5 3. d4 d6 4. Nf3 Bg4 5. Bc4 c6 6. O-O e6 7. Be2 Nd7 8. c4
Nc7 9. Bf4 Bxf3 10. Bxf3 dxe5 11. dxe5 h5 12. Bxh5 Qh4 13. Bxf7+ Kxf7 14. Qxd7+
Kg8 15. Bg3 Qe7 16. Rd1 Nd5 17. Qxe7 Nxe7 18. Nc3 Nf5 19. Rd7 Bc5 20. Ne4 Bd4
21. Rd1 Nxg3 22. hxg3 Bxe5 23. Rxb7 Rh6 24. f4 Bf6 25. Rdd7 a5 26. Nxf6+ gxf6
27. Rd6 f5 28. c5 a4 29. Rxc6 Rg6 30. Kf2 Rf6 31. Rd6 Rf7 32. c6 Rxb7 33. cxb7
Rb8 34. Rd7 1-0

[Event "22. OSREDNJA SLOVENSKA LIGA 2021"]
[Site "gostovanja"]
[Date "2021.09.30"]
[Round "3.2"]
[White "Mlacnik, Janez"]
[Black "Sedlar, Tomo"]
[Result "1/2-1/2"]
[WhiteElo "1828"]
[BlackElo "1860"]
[PlyCount "85"]
[EventDate "2021.09.30"]
[WhiteTeam "KPSRD KAREL JERAJ"]
[BlackTeam "SD MENGES - TRZIN"]

1. d4 d5 2. Nf3 Nf6 3. Nbd2 Bf5 4. e3 e6 5. c4 c6 6. Be2 dxc4 7. Nxc4 Bb4+ 8.
Bd2 Bxd2+ 9. Qxd2 O-O 10. O-O Nbd7 11. Qb4 Rb8 12. Qa3 a6 13. Rfd1 h6 14. Bd3
Bxd3 15. Rxd3 Nb6 16. Nxb6 Qxb6 17. Ne5 Rfd8 18. Qe7 Rf8 19. Rb3 Qd8 20. Qxd8
Rfxd8 21. f3 Nd7 22. Nd3 f6 23. f4 Kf7 24. Kf2 Ke7 25. Ke2 Rdc8 26. Rc1 Kd6 27.
Nc5 Nxc5 28. dxc5+ Kc7 29. Rd1 Rd8 30. Rbd3 Rxd3 31. Rxd3 Re8 32. e4 e5 33. f5
Re7 34. b4 b6 35. Kd2 bxc5 36. bxc5 Re8 37. Kc3 Rd8 38. Rxd8 Kxd8 39. g4 Kc7
40. h4 Kb7 41. Kd3 Kc7 42. Kd2 Kd7 43. Kc3 1/2-1/2

[Event "22. OSREDNJA SLOVENSKA LIGA 2021"]
[Site "gostovanja"]
[Date "2021.09.30"]
[Round "3.3"]
[White "Simicak, Metod"]
[Black "Kutin, Dusan"]
[Result "1/2-1/2"]
[WhiteElo "1677"]
[BlackElo "1824"]
[PlyCount "67"]
[EventDate "2021.09.30"]
[WhiteTeam "SD MENGES - TRZIN"]
[BlackTeam "KPSRD KAREL JERAJ"]

1. e4 e5 2. Nf3 Nc6 3. Bb5 d6 4. Bxc6+ bxc6 5. d4 exd4 6. Qxd4 c5 7. Qd3 a6 8.
c4 Bb7 9. Nc3 Nf6 10. O-O Be7 11. e5 dxe5 12. Qxd8+ Rxd8 13. Nxe5 O-O 14. Re1
Bd6 15. Bg5 h6 16. Bxf6 gxf6 17. Ng4 Kg7 18. f3 h5 19. Nf2 Kg6 20. Rad1 Be5 21.
Rxd8 Rxd8 22. Rd1 Rxd1+ 23. Nfxd1 f5 24. Na4 h4 25. h3 Bc6 26. Nac3 Bd7 27. Kf1
Be6 28. b3 c6 29. Ke2 f4 30. Ne4 Bd4 31. Ndf2 f5 32. Nd6 a5 33. Nd3 Be3 34. a4
1/2-1/2

[Event "22. OSREDNJA SLOVENSKA LIGA 2021"]
[Site "gostovanja"]
[Date "2021.09.30"]
[Round "3.4"]
[White "Vertacnik, Viktor"]
[Black "Grasic, Marjan"]
[Result "0-1"]
[WhiteElo "1607"]
[BlackElo "1700"]
[PlyCount "124"]
[EventDate "2021.09.30"]
[WhiteTeam "KPSRD KAREL JERAJ"]
[BlackTeam "SD MENGES - TRZIN"]

1. e4 e6 2. d4 d5 3. e5 c5 4. c3 Nc6 5. Nf3 Qb6 6. a3 cxd4 7. cxd4 Nge7 8. Bd3
Bd7 9. Bc2 g6 10. O-O Bg7 11. Nc3 Na5 12. Na4 Bxa4 13. Bxa4+ Nac6 14. b4 O-O
15. Re1 Nf5 16. Bb2 Rfc8 17. Rb1 Rc7 18. g4 Nfe7 19. Qd2 Kh8 20. Bc2 Rac8 21.
Bd3 Ng8 22. Rec1 Bh6 23. g5 Bg7 24. Rc5 a6 25. h4 Bf8 26. Rcc1 h5 27. Qe2 Na7
28. Rxc7 Rxc7 29. Rc1 Rxc1+ 30. Bxc1 Qc7 31. Qd2 b5 32. Qc2 Qxc2 33. Bxc2 Ne7
34. Nd2 Nec6 35. Nb3 Be7 36. Kf1 Kg8 37. Ke2 Kf8 38. Kd3 Ke8 39. Nc5 Bxc5 40.
bxc5 Na5 41. Kc3 Kd7 42. Bd3 Nc4 43. Bxc4 dxc4 44. Kb4 Nc6+ 45. Kc3 Na5 46. Kb4
Nb3 47. Be3 Kc6 48. a4 Na1 49. axb5+ axb5 50. Kc3 Nb3 51. Kb4 Na1 52. Kc3 Kb7
53. Kb2 Nb3 54. Kc3 Ka6 55. Kb4 Na1 56. Kc3 Nb3 57. Kb4 Na5 58. f4 Nc6+ 59. Kc3
Ka5 60. Bc1 Ka4 61. Bb2 Na5 62. Bc1 b4+ 0-1

[Event "22. OSREDNJA SLOVENSKA LIGA 2021"]
[Site "gostovanja"]
[Date "2021.10.07"]
[Round "4.1"]
[White "Lucovnik, Tilen"]
[Black "Mlacnik, Janez"]
[Result "1-0"]
[WhiteElo "2097"]
[BlackElo "1828"]
[PlyCount "47"]
[EventDate "2021.10.07"]
[WhiteTeam "SK KOMENDA POPOTNIK"]
[BlackTeam "KPSRD KAREL JERAJ"]

1. e4 d6 2. d4 Nf6 3. Nc3 c6 4. a4 Qa5 5. Bd3 e5 6. Bd2 Qc7 7. Nge2 Be7 8. h3
Nbd7 9. O-O O-O 10. Be3 Re8 11. f4 exd4 12. Nxd4 Nc5 13. Qf3 Nxd3 14. cxd3 Bf8
15. g4 Nd7 16. g5 Nc5 17. Rad1 Qd7 18. f5 g6 19. h4 Na6 20. Rd2 Nc7 21. Rdf2 d5
22. h5 Bc5 23. fxg6 fxg6 24. Qf8+ 1-0

[Event "22. OSREDNJA SLOVENSKA LIGA 2021"]
[Site "gostovanja"]
[Date "2021.10.07"]
[Round "4.2"]
[White "Kutin, Dusan"]
[Black "Gantar, Jan"]
[Result "0-1"]
[WhiteElo "1824"]
[BlackElo "2162"]
[PlyCount "38"]
[EventDate "2021.10.07"]
[WhiteTeam "KPSRD KAREL JERAJ"]
[BlackTeam "SK KOMENDA POPOTNIK"]

1. e4 Nf6 2. e5 Nd5 3. c4 Nb6 4. d4 d6 5. exd6 cxd6 6. Nc3 g6 7. h3 Bg7 8. Nf3
O-O 9. Be2 e5 10. O-O Nc6 11. dxe5 dxe5 12. Nd5 Nxd5 13. cxd5 Nd4 14. Bc4 Bf5
15. Nxd4 exd4 16. f3 Rc8 17. Bb3 d3 18. g4 Qh4 19. Kh2 Rfe8 0-1